00565nam a2200169Ia 4500008004100000020001800041041000800059082001800067100001700085245003800102250000600140260006500146300001300211650002500224999001900249952012700268210716s2014 xx 000 0 und d a9789551105671 aeng a658.4012 SHAS aSharan, S B. aReadings in strategic management. a1 aNew DelhibShroff Publishers and Distributors Pvt Ltdc2014 aix,154,7 aStrategic Management c209320d209320 001040708MBAaAIMITbAIMITd2015-09-25g250.00l0o658.4012 SHASpMBA11886r2026-05-23 00:00:00v200.00w2021-07-16yBK